| 000 | 01091cam a2200205 4500 | ||
|---|---|---|---|
| 001 | ##L134888 | ||
| 008 | 060908n2006 000 0 eng u | ||
| 035 | _a(Sirsi) u134888 | ||
| 041 | 0 | _aeng | |
| 050 | 0 | 4 | _a333.73 $2 18 |
| 110 | 1 |
_aUnited Kingdom _bDepartment for Communities and Local Government _94939 |
|
| 245 | 0 | 0 |
_aPreviously developed land that may be available for development _bEngland 2005 |
| 260 |
_aLondon _bDCLG _c2006 |
||
| 520 | _aSets out information collected in 2005 for the National Land Use Database of previously developed land. Suggests that in 2005 there were an estimated 63 500 hectares of previously developed land in England of which an estimated 58% (36 600 hectares) was vacant or derelict. The remaining previously developed land was in use but with potential for redevelopment. | ||
| 590 | _aIKA190906 NTK | ||
| 651 | 4 |
_aEngland _y886- |
|
| 690 | _aPROPERTY-PROPERTY DEVELOPMENT-SUSTAINABLE PROPERTY DEVELOPMENT | ||
| 856 | 4 | 0 |
_uhttps://www.communities.gov.uk/index.asp?id=1502312 _zView the item free of charge at www.communities.gov.uk... |
| 942 | _n0 | ||
| 999 |
_c105834 _d105834 |
||